000 00710nam a2200217 i 4500
001 79107
003 ES-MaACL
005 20231229062542.0
007 t|
008 041019s1953 sp ||||1| spa d
080 _a821.134.2(729.1)-32"19"
100 1 _aHernández Catá, Alfonso,
_d1885-1940
_962908
245 1 4 _aLos frutos ácidos y otros cuentos /
_cAlfonso Hernández Catá ; nota preliminar de F.S.R.
260 _a[Madrid :
_bAguilar,
_c1953] (
_fRollán)
300 _a538 p. :
_bretr. autor ;
_c12 cm.
490 1 _aCrisol ;
_v373
700 1 _aSainz de Robles, Federico Carlos,
_d1898-1982
_9101593
830 1 _aCrisol ;
_v373
_9180848
852 4 _aES-MaACL
_jC-8582
999 _c79107
_d79107